000 00298nam a22001217a 4500
008 171101b xxu||||| |||| 00| 0 eng d
041 _aeng
080 _22ND
_a339
100 _a59
101 _aTRE
245 _aINDUSTRIAL MARKET STRUCTURE AND ECONOMIC PERFORMANCE
_cSCHERER,F.M
942 _2udc
_cBK
999 _c37066
_d37066